| 000 | 00437nam a2200181Ia 4500 | ||
|---|---|---|---|
| 003 | OSt | ||
| 005 | 20240120121300.0 | ||
| 008 | 210210b1913 xxu||||| |||| 00| 0 eng d | ||
| 040 | _cAL | ||
| 041 | _aeng | ||
| 082 | _a821/471 | ||
| 100 |
_aMORRIS (W) _9148527 |
||
| 245 | _aProse and poetry-1856-70 | ||
| 260 |
_aLondon _bOxford University Press _c1913 |
||
| 690 |
_aEnglish Literature _9148528 |
||
| 906 | _a011640 | ||
| 942 |
_2ddc _cBK |
||
| 999 |
_c130328 _d130328 |
||